• 首页
  • 本馆介绍
  • 公告通知
  • 最新文献
  • 馆藏检索
  • 电子资源
  • 读者导购
  • 参考咨询
  • 我的图书馆
  • 登录
  • 详细信息显示
  • 放入我的书架
  • 预约/预借图书
  • 作者相关作品
  • 分类相关作品
  • 丛书相关作品
  • 出版社相关作品

书目信息

  • 表格格式
  • 工作单格式
  • 卡片格式
题名:
孟德斯鸠评传
    
 
作者: 张铭 , 张桂林 著
分册:  
出版信息: 北京   法律出版社  1999.03
页数: 315页
开本: 32开
丛书名:
单 册:
中图分类: B565.24
科图分类:
主题词: 哲学--欧洲
电子资源:
ISBN: 7-5036-2682-8
000 00640nam0 2200217 45
001 0105151085
005 20031219104049.6
010    @a7-5036-2682-8@dCNY19.00
100    @a20010515d1999 km y0chiy0120 ea
101 0  @achi
105    @a z 000yy
200 1  @a孟德斯鸠评传@AMeng De Si Jiu Ping Chuan@f张铭,张桂林著@FZhang Ming,Zhang Gui Lin Zhu
210    @a北京@c法律出版社@d1999.03
215    @a315页@d32开
600  1 @a孟德斯鸠@b(C.L.)@f(1689~1755)@x评传
606 0  @a哲学@x欧洲
690    @aB565.24@v4
701    @a张铭@4著
701  0 @a张桂林@4著
801    @aCN@bTSTC@c20010515
905    @a213230@f3@b296889-891@dB565.24@e26
    
    孟德斯鸠评传/张铭,张桂林著.-北京:法律出版社,1999.03
    315页;32开
    
    
    ISBN 7-5036-2682-8:CNY19.00
    
●
相关链接 在E读中查询图书 在五车中查询图书 在当当中查询图书 在豆瓣中查询图书


正题名:孟德斯鸠评传     索取号:B565.24/26         预约/预借

序号 登录号 条形码 馆藏地/架位号 状态 备注
1 0296889   202968896   第一借阅区/ [索取号:B565.24/26] 在馆    
2 0296890   202968903   第一借阅区/ [索取号:B565.24/26] 在馆    
3 0296891   202968912   第一样本阅览室/ [索取号:B565.24/26] 在馆    
唐山师范学院图书馆 欢迎您!
大连网信软件有限公司© 版权所有